| 000 | 00889nam a22002417a 4500 | ||
|---|---|---|---|
| 003 | dpl | ||
| 005 | 20240328104733.0 | ||
| 008 | 231130b |||||||| |||| 00| 0 eng d | ||
| 010 | _aB-756092-97 ENG-139869 | ||
| 020 |
_a9788183823401 _c350.00 |
||
| 035 | _aB-756092-97 | ||
| 035 | _aEN-123401 | ||
| 037 | _bLotus Press | ||
| 040 | _c0 | ||
| 082 | _a641.1 | ||
| 100 | _4Grover, Meenu | ||
| 245 |
_aTextbook of Food and Nutrition/ _cBy Meenu Grover |
||
| 260 |
_aNew Delhi _bLotus Press _c2023 |
||
| 270 |
_a4735/22 , Prakash Deep Building Ansari Road, Darya Ganj, _bNew Delhi _e110002 |
||
| 300 |
_a272p. _c22cm(pbk) |
||
| 942 |
_2ddc _cEN _h641.1 _mGRO |
||
| 999 |
_c199340 _d199340 |
||